The early life of Stephen Hind

Gardado en:
Detalles Bibliográficos
Autor Principal: Jameson, Storm
Formato: Libro
Idioma:English
Publicado: New York, Estados Unidos Harper & Row 1966
Materias:
Etiquetas: Engadir etiqueta
Sen Etiquetas, Sexa o primeiro en etiquetar este rexistro!

MARC

LEADER 00000nam a2200000Ia 4500
008 170316s9999 xx 000 0 eng d
999 |c 28810  |d 28810 
040 |a cru BVZT 
090 |a F-810 J-2e 
100 |a Jameson, Storm 
245 4 |a The early life of Stephen Hind 
260 |a New York, Estados Unidos 
260 |b Harper & Row 
260 |c 1966 
300 |a 283 páginas 
650 |a LITERATURA ESTADOUNIDENSE  |9 25 
650 |a FICCIÓN  |9 26 
942 |c 15 D  |h F-810 J-2e  |2 z